Top 15 państw z największym budżetem PKB (2017) - Statystyki

Ogólne statystyki
  • Ten quiz został rozwiązany 1 473 razy
  • Średni wynik to 13 z 15
Statystyki odpowiedzi
Odpowiedź % Poprawnych
1 Chiny
98%
5 Niemcy
98%
2 Stany Zjednoczone
98%
10 Francja
97%
4 Rosja
97%
15 Hiszpania
92%
8 Brazylia
91%
6 Japonia
91%
9 Wielka Brytania
90%
3 Indie
88%
12 Włochy
87%
11 Meksyk
81%
14 Korea Południowa
74%
13 Turcja
64%
7 Indonezja
60%
Nie znaleziono quizów pasujących do podanych kryteriów
Rozkład punktacji
Procent ludzi z każdym wynikiem
Percentyl według liczby udzielonych odpowiedzi
Twoja historia wyników
Nie rozwiązałeś tego quizu